00676nam a2200193Ia 4500008004100000020001400041082001400055100002500069245007000094250000700164260004500171300002700216500001900243600002100262650005000283942000700333952012700340999001500467240925s9999 xx 000 0 und d a137822693 a006.3 STA aStaugaard, Andrew C. 0aRobotics and AI: an interoduction to applied machine intelligence aNA aNew Jersey:bPrintice- Hall Int.c,1987. axi,164p.bNAfOriginal aIncludes Index aComputer Science aComputer science, information & general works cBK 001040708CSaUITUbUITUd2002-01-07eFair Book Centerg275.00l0o006.3 STApQ4113r2024-09-25 07:13:23w2024-09-25yBK c6612d6612